Introduction to electrodynamics/ (Record no. 8665)

MARC details
000 -LEADER
fixed length control field 00511nam a22001937a 4500
003 - CONTROL NUMBER IDENTIFIER
control field OSt
005 - DATE AND TIME OF LATEST TRANSACTION
control field 20240619130121.0
008 - FIXED-LENGTH DATA ELEMENTS--GENERAL INFORMATION
fixed length control field 240619b |||||||| |||| 00| 0 eng d
020 ## - INTERNATIONAL STANDARD BOOK NUMBER
International Standard Book Number 9780321847812
040 ## - CATALOGING SOURCE
Transcribing agency must
082 ## - DEWEY DECIMAL CLASSIFICATION NUMBER
Classification number 537.6 GRI 2013
100 ## - MAIN ENTRY--PERSONAL NAME
Personal name Griffiths,David J.
9 (RLIN) 7369
245 ## - TITLE STATEMENT
Title Introduction to electrodynamics/
Statement of responsibility, etc. David J. Griffiths.
260 ## - PUBLICATION, DISTRIBUTION, ETC. (IMPRINT)
Place of publication, distribution, etc. Boston:
Name of publisher, distributor, etc. Peason;
Date of publication, distribution, etc. c2013.
300 ## - PHYSICAL DESCRIPTION
Extent xviii,599p.:
Other physical details ill;
Dimensions 23cm.
504 ## - BIBLIOGRAPHY, ETC. NOTE
Bibliography, etc includes index
600 ## - SUBJECT ADDED ENTRY--PERSONAL NAME
Source of heading or term physics
942 ## - ADDED ENTRY ELEMENTS (KOHA)
Source of classification or shelving scheme Dewey Decimal Classification
Koha item type Open Shelf
Holdings
Withdrawn status Lost status Source of classification or shelving scheme Damaged status Not for loan Home library Current library Date acquired Source of acquisition Inventory number Total Checkouts Full call number Barcode Date last seen Price effective from Koha item type
    Other/Generic Classification Scheme     MUST Main Library MUST Main Library 19/06/2024 purchase 13/37139   537.6 GRI 2013 2024-20934 19/06/2024 19/06/2024 Open Shelf